Fastest Trains By Operational Speed - Statistics

General Stats
  • This quiz has been taken 19 times
  • The average score is 3 of 10
Answer Stats
Country km/h mph Answer % Correct
France 320 199 SNCF TGV
94%
Japan 320 199 JR Shinkansen
72%
China 460 286 Shanghai Maglev
50%
Germany 350 217 DB Intercity-Express 3
44%
China 350 217 CR Fuxing
22%
South Korea 305 190 Korail KTX-Sancheon
17%
Morocco 320 199 ONCF Al Boraq
11%
Spain 310 193 Renfe AVE 103
11%
Italy 300 186 Trenitalia Frecciarossa 1000
11%
China 350 217 CR Harmony
6%
No matching quizzes found
Score Distribution
Percent of People with Each Score
Percentile by Number Answered
Your Score History
You have not taken this quiz